| 000 | 01975nkc a2200289za 4500 | ||
|---|---|---|---|
| 001 | 84580 | ||
| 003 | OSt | ||
| 005 | 20260423160414.0 | ||
| 007 | kh boc | ||
| 008 | 250410s1909 sp ||||| ||||||0| i|spa d | ||
| 040 |
_cM-RABA _aM-RABA _bspa |
||
| 245 | 0 | 0 |
_aDelicias de las artes y de las ciencias _b: por D. Alfonso Bergaz _h[Material gráfico] _c/ Alfonso Bergaz |
| 260 |
_b[Hauser y Menet] _c, [ca. 1909] |
||
| 300 |
_a1 fotografía _b: gelatina de plata _c; imagen 20,5 x 8 cm _c; soporte secundario 30 x 24 cm |
||
| 500 | _aFotografía del relieve "Las delicias de las ciencias y las artes" de Alfonso Bergaz, entregado para su recepción como académico. Se conserva en el Museo de la Real Academia de Bellas Artes de San Fernando con nº de inventario E-353. | ||
| 500 | _aMontada sobre un soporte secundario de cartón, con texto manuscrito a lápiz en la parte inferior al recto: "Delicias de las artes y de las ciencias por D. Alfonso Bergaz. Para la recepción de Académico-1774". Nota manuscrita al verso a lápiz rojo: "Alfonso Bergaz". | ||
| 500 | _aFecha probable de la realización de la fotografía realizada por Hauser y Menet. | ||
| 500 | _aAunque sobre el soporte secundario aparece manuscrito a lápiz el nombre del escultor Alfonso Bergaz, es probable que se trate de una errata, puesto que el relieve original de fue entregado a la Academia para la recepción de académico en el año 1774, año en el que Alfonso Giraldo Bergaz nacería. | ||
| 544 | _aArchivo de la Real Academia de Bellas Artes de San Fernando (Le-4-29-1 | ||
| 610 | 2 | 4 |
_aReal Academia de Bellas Artes de San Fernando. _975832 |
| 651 | 7 |
_aMadrid _2embne _975182 |
|
| 655 | 7 |
_aFotografías de obras de arte _975675 |
|
| 710 | 2 |
_aHauser y Menet (Madrid) _950978 |
|
| 852 | _jFot-607 | ||
| 856 |
_3Fot-607 _uhttps://archivoybiblioteca.realacademiabellasartessanfernando.com/cgi-bin/koha/opac-retrieve-file.pl?id=58a1ad1650ced645f473a6239deb113d |
||
| 942 |
_2ddc _cFOTOGRAFÍA _n0 |
||
| 999 |
_c84580 _d84580 |
||